000 00354nam a2200181Ia 4500
100 _aBhat/Sujata V
650 _aChemistry
250 _a2
942 _cBK
366 _f10
654 _abiomaterials
245 _aBioMaterials
260 _bNarosa
_aMumbai
_c2005
082 _a542/BHA
_bBHA
300 _a279
546 _aENGLISH
999 _c30578
_d30578